Sports Quiz

Random Sports or MLB Quiz

Cleveland Indians 2012 Spring Training Roster Quiz Stats

 Plays Quiz not verified by Sporcle

Score 0/63 Timer 08:00
0 Plays Today
#: Player: % Correct
13Asdrubal Cabrera
93.8%
41Carlos Santana
92.2%
23Michael Brantley
90.6%
17Shin-Soo Choo
89.1%
53Rafael Perez
89.1%
54Chris Perez
89.1%
22Jason Kipnis
85.9%
63Justin Masterson
85.9%
24Grady Sizemore
84.4%
30Ubaldo Jimenez
84.4%
48Travis Hafner
82.8%
6Lou Marson
79.7%
7Matt LaPorta
79.7%
8Lonnie Chisenhall
79.7%
43Josh Tomlin
78.1%
9Jack Hannahan
76.6%
35Casey Kotchman
76.6%
38Joe Smith
76.6%
16Jason Donald
73.4%
55**Roberto Hernandez
73.4%
12Ezequiel Carrera
67.2%
47Shelley Duncan
67.2%
49Tony Sipp
67.2%
52Vinnie Pestano
67.2%
58Jeanmar Gomez
67.2%
26Derek Lowe
65.6%
31David Huff
59.4%
4*Jose Lopez
57.8%
34Zach McAllister
56.3%
50Nick Hagadone
53.1%
39Kevin Slowey
51.6%
80*Trevor Crowe
51.6%
#: Player: % Correct
32*Fred Lewis
50%
46Cord Phelps
50%
2Aaron Cunningham
48.4%
62*Michel Hernandez
48.4%
56Frank Herrmann
45.3%
77Corey Kluber
45.3%
45*Luke Carlin
42.2%
0*Cristian Guzman
40.6%
75*Chen-Chang Lee
40.6%
29*Felix Pie
39.1%
44*Dan Wheeler
39.1%
59Carlos Carrasco
39.1%
79Russ Canzler
37.5%
74*Chun-Hsiu Chen
35.9%
57*Jeremy Accardo
34.4%
66Juan Diaz
34.4%
1*Ryan Spilborghs
32.8%
69Scott Barnes
32.8%
28*Andy LaRoche
31.3%
37*Chris Ray
31.3%
65Thomas Neal
26.6%
33*Matt Pagnozzi
23.4%
71Nick Weglarz
23.4%
67Danny Salazar
21.9%
68*Gregorio Petit
21.9%
70*Chris Seddon
21.9%
72*Chad Huffman
17.2%
51*Robinson Tejeda
15.6%
73*Austin Adams
15.6%
76*Tyler Sturdevant
12.5%
78*Hector Ambriz
12.5%

You're not logged in!

Compare scores with friends on all Sporcle quizzes.
OR
Log In

Show Comments

Extras

Top Quizzes Today


Score Distribution

Your Account Isn't Verified!

In order to create a playlist on Sporcle, you need to verify the email address you used during registration. Go to your Sporcle Settings to finish the process.

Report this User

Report this user for behavior that violates our Community Guidelines.

Details: